| 000 | 00902nam a2200205 i 4500 | ||
|---|---|---|---|
| 001 | 162738 | ||
| 003 | ES-MaACL | ||
| 005 | 20230906212607.0 | ||
| 008 | 931025s1886 sp |||| | spa d | ||
| 100 | 1 |
_aPulido, Ángel, _d1852-1932 _9149324 |
|
| 245 | 1 | 0 |
_aMemoria de las aguas minero-medicinales de Larrauri (Vizcaya) / _cpor Ángel Pulido Fernández ; y análisis de las mismas por Manuel Sáenz Díez. |
| 260 |
_aBilbao : _b[s.n.], _c1886 ( _fTip. Católica de San Francisco de Sales) |
||
| 300 |
_a45 p. ; _c21 cm. |
||
| 530 | _aDisponible en formato digital. | ||
| 650 |
_aAguas minerales- _zPaís Vasco. _9172296 |
||
| 700 | 1 |
_aSáenz Díez, Manuel. _9101327 |
|
| 852 |
_aES-MaACL _jT-470-F-10 _z- Enc. hol., falto de cub. original _z- Enc. en un vol. facticio |
||
| 856 |
_uhttp://bdh-rd.bne.es/viewer.vm?id=0000202857&page=1 _zBiblioteca Digital Hispánica |
||
| 999 |
_c162738 _d162738 |
||